000 00430nam a22001337a 4500
082 _a297.2
_bMAU
_cL-31,P35
100 _a Maudoodi, Maulana Syed Abu Al Ala
_937377
245 _aIslami Tehzeeb Aur Us Kay Usul Aur Mubadiat
_cMaulana Syed Abu Al Ala Maudoodi
260 _aLahore,
_bIslamic Publications .
_c1981
300 _a362 p.
_c22 cm.
526 _a0
_b0
_c0
_d297_200000000000000_MAU
650 _aMCE
_9379
942 _2ddc
_cBK
999 _c542253
_d542253